| 000 | 00576nam a22002057a 4500 | ||
|---|---|---|---|
| 003 | OSt | ||
| 005 | 20150408114143.0 | ||
| 008 | 130805s2013 ii a f b 001 0 eng d | ||
| 020 | _a9789382226055 | ||
| 040 |
_aMa-Un _beng |
||
| 082 | 0 | 4 |
_222 _a620.5 _bMAN |
| 100 | 1 |
_aMCmichael, Allan _937757 |
|
| 245 | 1 | 0 |
_aNano Technology / _cAllan Mcmichael. |
| 260 |
_aNew Delhi : _bRandom exports, _c2013. |
||
| 300 |
_a304 p. : _bill ; _c24 cm. |
||
| 500 | _aincludes index. | ||
| 504 | _a Includes bibliographical references. | ||
| 650 | 4 |
_aNanotechnology _938009 |
|
| 942 |
_2ddc _cBOOK |
||
| 999 |
_c31306 _d265806 |
||